| 000 | 00928nac a22002537a 4500 | ||
|---|---|---|---|
| 001 | BR7503714 | ||
| 003 | BR-BrBNA | ||
| 005 | 20240105113856.0 | ||
| 008 | 230509b bl.|||m| |||| 00| 0 por d | ||
| 040 |
_aBR-BrBNA _bpor _cBiblioteca Nacional de Agricultura |
||
| 072 | _aE30 | ||
| 090 | _aE30 BR7503714 | ||
| 110 | 1 |
_aAssociacao de Credito e Assistencia Rural do Estado do Rio de Janeiro, Niteroi (Brasil) _9497 |
|
| 245 | 1 | _aPlano de trabalho 1975 [Associacao de Credito e Assistencia Rural do Estado do Rio de Janeiro, Brasil] | |
| 260 | 3 |
_aNiteroi, RJ (Brasil): _c1975. |
|
| 300 | _a55 p. | ||
| 490 |
_aPlano de Trabalho - Associacao de Credito e Assistencia Rural do Estado do Rio de Janeiro (Brazil) _v _x |
||
| 650 | _aDESENVOLVIMENTO AGRICOLA | ||
| 650 | _aPLANEJAMENTO AGRICOLA | ||
| 650 | _aDIRETRIZ | ||
| 650 | _aRIO DE JANEIRO | ||
| 909 |
_a202312 _bLúcia Elande _c55 _dLúcia Elande |
||
| 942 |
_2AGRIS _n0 _cMS |
||
| 999 |
_c266085 _d266085 |
||